Operation Board Game - Map Quiz - Statistics

General Stats
  • This quiz has been taken 3,050 times
    3,036 since last reset
  • The average score is 11 of 13
Answers on the Map
Answers color-coded by a green-red scale on the quiz's map according to % correct below.
 
Answer Stats
Answer % Correct
Adam's Apple
95%
Butterflies in Stomach
88%
Brain Freeze
87%
Charlie Horse
85%
Broken Heart
81%
Spare Ribs
81%
Funny Bone
80%
Anklebone connected to the Knee Bone
79%
Wrenched Ankle
79%
Bread Basket
78%
Writer's Cramp
78%
Wish Bone
74%
Water on the Knee
70%
No matching quizzes found
Score Distribution
Percent of People with Each Score
Percentile by Number Answered
Your Score History
You have not taken this quiz since the last reset